ZOH - Statistics

General Stats
  • This quiz has been taken 19 times
  • The average score is 14 of 25
Answer Stats
Hint Answer % Correct
2026 Milán
92%
1998 Nagano
92%
2022 Peking
83%
2002 Salt Lake City
83%
1994 Lillehammer
75%
2014 Soči
75%
2006 Turin
75%
1992 Albertville
67%
1988 Calgary
67%
1924 Chamonix
67%
2010 Vancouver
67%
2018 Pchjongčchang
58%
1968 Grenoble
50%
1976 Innsbruck
50%
1980 Lake Placid
50%
1928 Svatý Mořic
50%
1964 Innsbruck
42%
1972 Sapporo
42%
1984 Sarajevo
42%
1956 Cortina d’Ampezzo
33%
1936 Garmisch-Partenkirchen
33%
1932 Lake Placid
25%
1952 Oslo
25%
1948 Svatý Mořic
25%
1960 Squaw Valley
17%
No matching quizzes found
Score Distribution
Percent of People with Each Score
Percentile by Number Answered
Your Score History
You have not taken this quiz